Proposed National Flags - Statistics

General Stats
  • This quiz has been taken 23 times
  • The average score is 6 of 10
Answer Stats
Picture Answer % Correct
New Zealand
100%
Belgium
95%
Ireland
90%
South Africa
86%
Bolivia
81%
Moldova
52%
Vietnam
24%
Fiji
19%
Peru
14%
Republic of Congo
10%
No matching quizzes found
Score Distribution
Percent of People with Each Score
Percentile by Number Answered
Your Score History
You have not taken this quiz